00923cam a22002773a 450000100060000000300060000600500170001200800410002904000150007004200070008505000070009205000070009910000460010624500600015226000290021250001010024150500420034250600300038451600200041465300460043465300320048065300220051265300400053483000290057485600420060311609PGUSA20140828083238.0040301s2004||||xxu|||||s|||||000 1 eng d aPGUSAbeng adc 4aPR 4aPZ1 aHenty, G. A.q(George Alfred),d1832-190214aThe Golden Canyonh[electronic resource] /cG. A. Henty bProject Gutenberg,c2004 a"The stone chest" is not by Henty, according to Robert L. Dartt's "G. A. Henty, a bibliography."0 aThe golden canyon -- The stone chest. aPublic domain in the USA. aElectronic text aGold mines and mining -- Juvenile fiction aRescues -- Juvenile fiction aAdventure stories aTreasure troves -- Juvenile fiction 0aProject Gutenbergv1160940uhttp://www.gutenberg.org/ebooks/11609